000 00899nam a22001937a 4500
005 20180911143028.0
010 _aHIN-95508 B-702211-217
020 _c395.00
_a9788186919637
035 _aHN-67854
035 _aB-702211-217
037 _bDBAD / PUB
082 _a821
245 _aइक़बाल:
_bराजेन्द्र टोकी द्वारा संपादित
_cजीवन और शायरी /
260 _aदिल्ली
_bसाहित्य भारती
_c2017
270 _b दिल्ली
_e110051
_aके-71, कृष्ण नगर,
300 1 _a200पृ.
_c22सेमी (सजिल्द)
942 _2ddc
_cHN
_mइक़बा
_h821
999 _c62989
_d62989